000 00198 a2200097 4500
020 _a9780822566311
041 _aspa
100 _aZemlicka, Shannon
245 _aDel huevo a la mariposa
942 _cBK
999 _c31918
_d31916